000 01385nam a2200313Ia 4500
001 ebr10076800
003 CaPaEBR
006 m u
007 cr cn|||||||||
008 030312s2003 enk sb 001 0 eng d
010 _z 2003046355
020 _z0719062845 (hard.)
040 _aCaPaEBR
_cCaPaEBR
035 _a(OCoLC)58532579
050 1 4 _aD547.I6
_bB68 2003eb
082 0 4 _a940.4/42/0899162
_221
100 1 _aBowman, Timothy.
245 1 4 _aThe Irish regiments in the Great War
_h[electronic resource] :
_bdiscipline and morale /
_cTimothy Bowman.
260 _aManchester ;
_aNew York :
_bManchester University Press ;
_aNew York, NY, USA :
_bDistributed exclusively in the USA by Palgrave,
_c2003.
300 _axiv, 237 p.
504 _aIncludes bibliographical references and index.
533 _aElectronic reproduction.
_bPalo Alto, Calif. :
_cebrary,
_d2009.
_nAvailable via World Wide Web.
_nAccess may be limited to ebrary affiliated libraries.
610 1 0 _aGreat Britain.
_bArmy
_xIrish regiments
_xHistory.
650 0 _aWorld War, 1914-1918
_xRegimental histories
_zGreat Britain.
650 0 _aWorld War, 1914-1918
_xRegimental histories
_zIreland.
655 7 _aElectronic books.
_2local
710 2 _aebrary, Inc.
856 4 0 _uhttp://site.ebrary.com/lib/rucke/Doc?id=10076800
_zAn electronic book accessible through the World Wide Web; click to view
999 _c73037
_d73037